Homestead tree species diversity and it’s impact on socioeconomic condition of farmers in Chandpur district of Bangladesh / (Record no. 14089)

MARC details
000 -LEADER
fixed length control field 01100nam a22002777a 4500
001 - CONTROL NUMBER
control field BD-DhSAU 9032
003 - CONTROL NUMBER IDENTIFIER
control field BD-DhSAU
005 - DATE AND TIME OF LATEST TRANSACTION
control field 20181205122533.0
008 - FIXED-LENGTH DATA ELEMENTS--GENERAL INFORMATION
fixed length control field 150612b20 bg a||||r|||| 000 0 eng d
040 ## - CATALOGING SOURCE
Original cataloging agency BD-DhSAU
082 ## - DEWEY DECIMAL CLASSIFICATION NUMBER
Edition number 22
Classification number 634.9
Item number Sa191
100 ## - MAIN ENTRY--PERSONAL NAME
Personal name Saha , Tuton Kumar
Relator code Registration No: 10-03961
245 ## - TITLE STATEMENT
Title Homestead tree species diversity and it’s impact on socioeconomic condition of farmers in Chandpur district of Bangladesh /
Statement of responsibility, etc. Saha , Tuton Kumar
Remainder of title Ms Thesis
260 ## - PUBLICATION, DISTRIBUTION, ETC. (IMPRINT)
Place of publication, distribution, etc. Sher-e- Bangla Agricultural University :
Name of publisher, distributor, etc. Department of Agroforestry and Environmental Science,
Date of publication, distribution, etc. 2016.
300 ## - PHYSICAL DESCRIPTION
Extent ix , 75 p. :
Other physical details ill. ,
Dimensions 30 cm.
504 ## - BIBLIOGRAPHY, ETC. NOTE
Bibliography, etc Includes bibliographical references.
590 ## - Name of Cataloguer
Name of Cataloger shofi
650 ## - SUBJECT ADDED ENTRY--TOPICAL TERM
Topical term or geographic name as entry element Agroforestry
650 ## - SUBJECT ADDED ENTRY--TOPICAL TERM
Topical term or geographic name as entry element Homestead tree
650 ## - SUBJECT ADDED ENTRY--TOPICAL TERM
Topical term or geographic name as entry element Socioeconomic condition
Geographic subdivision Chandpur district of Bangladesh
650 ## - SUBJECT ADDED ENTRY--TOPICAL TERM
Topical term or geographic name as entry element Farmer
700 ## - ADDED ENTRY--PERSONAL NAME
Personal name Hossain, Md. Forhad
Relator term Supervisor
700 ## - ADDED ENTRY--PERSONAL NAME
Personal name Naher , Nazmun
Relator term Co-Supervisor
856 ## - ELECTRONIC LOCATION AND ACCESS
Uniform Resource Identifier <a href="http://archive.saulibrary.edu.bd:8080/xmlui/handle/123456789/1807">http://archive.saulibrary.edu.bd:8080/xmlui/handle/123456789/1807</a>
Link text Online Access
942 ## - ADDED ENTRY ELEMENTS (KOHA)
Source of classification or shelving scheme Dewey Decimal Classification
Koha item type MS Level Thesis
Holdings
Withdrawn status Lost status Source of classification or shelving scheme Damaged status Not for loan Collection code Home library Branch Name Date acquired Total Checkouts Full call number Barcode Date last seen Price effective from Koha item type
    Dewey Decimal Classification   Not For Loan Reference SAU Library SAU Library 24/10/2017   634.9 Sa191 40385 26/10/2017 26/10/2017 MS Level Thesis